| 000 | 00483nam a22001697a 4500 | ||
|---|---|---|---|
| 999 |
_c527086 _d527086 |
||
| 003 | NUST | ||
| 020 | _qPBK | ||
| 038 | _aFaiza | ||
| 082 |
_a923 _bBAQ |
||
| 100 |
_aBaqa, Muhammad Shareef _918181 |
||
| 245 |
_aChoudhary Rehmat Ali ny kaha / _cMuhammad Shareef Baqa |
||
| 260 |
_aLahore : _bMuhammad Shareef Baqa, _c1995. |
||
| 300 | _a80 p. ; | ||
| 880 |
_6100-01\r _aمحمد شریف بقاؔ |
||
| 880 |
_6245-02\r _aچودھری رحمت علی نے کہا / |
||
| 942 |
_2ddc _cBK |
||